<?xml version="1.0" encoding="UTF-8"?><?xml-stylesheet type="text/xsl" href="static/style.xsl"?><OAI-PMH xmlns="http://www.openarchives.org/OAI/2.0/" xmlns:xsi="http://www.w3.org/2001/XMLSchema-instance" xsi:schemaLocation="http://www.openarchives.org/OAI/2.0/ http://www.openarchives.org/OAI/2.0/OAI-PMH.xsd"><responseDate>2026-04-17T08:00:09Z</responseDate><request verb="GetRecord" identifier="oai:www.recercat.cat:11351/9594" metadataPrefix="marc">https://recercat.cat/oai/request</request><GetRecord><record><header><identifier>oai:recercat.cat:11351/9594</identifier><datestamp>2025-10-24T10:36:17Z</datestamp><setSpec>com_2072_378070</setSpec><setSpec>com_2072_378040</setSpec><setSpec>col_2072_378092</setSpec></header><metadata><record xmlns="http://www.loc.gov/MARC21/slim" xmlns:dcterms="http://purl.org/dc/terms/" xmlns:xsi="http://www.w3.org/2001/XMLSchema-instance" xmlns:doc="http://www.lyncode.com/xoai" xsi:schemaLocation="http://www.loc.gov/MARC21/slim http://www.loc.gov/standards/marcxml/schema/MARC21slim.xsd">
   <leader>00925njm 22002777a 4500</leader>
   <datafield ind2=" " ind1=" " tag="042">
      <subfield code="a">dc</subfield>
   </datafield>
   <datafield ind2=" " ind1=" " tag="720">
      <subfield code="a">Vilorio-Marqués, Laura</subfield>
      <subfield code="e">author</subfield>
   </datafield>
   <datafield ind2=" " ind1=" " tag="720">
      <subfield code="a">Castañón Fernández, Christelle</subfield>
      <subfield code="e">author</subfield>
   </datafield>
   <datafield ind2=" " ind1=" " tag="720">
      <subfield code="a">Mora, Elvira</subfield>
      <subfield code="e">author</subfield>
   </datafield>
   <datafield ind2=" " ind1=" " tag="720">
      <subfield code="a">Gutiérrez, Lorena</subfield>
      <subfield code="e">author</subfield>
   </datafield>
   <datafield ind2=" " ind1=" " tag="720">
      <subfield code="a">Rey Bua, Beatriz</subfield>
      <subfield code="e">author</subfield>
   </datafield>
   <datafield ind2=" " ind1=" " tag="720">
      <subfield code="a">Jiménez Lorenzo, Maria José</subfield>
      <subfield code="e">author</subfield>
   </datafield>
   <datafield ind2=" " ind1=" " tag="720">
      <subfield code="a">Molero Yordi, Antonieta</subfield>
      <subfield code="e">author</subfield>
   </datafield>
   <datafield ind2=" " ind1=" " tag="720">
      <subfield code="a">VALCARCEL, DAVID</subfield>
      <subfield code="e">author</subfield>
   </datafield>
   <datafield ind2=" " ind1=" " tag="260">
      <subfield code="c">2023-05-23T10:04:05Z</subfield>
   </datafield>
   <datafield ind2=" " ind1=" " tag="260">
      <subfield code="c">2023-05-23T10:04:05Z</subfield>
   </datafield>
   <datafield ind2=" " ind1=" " tag="260">
      <subfield code="c">2022</subfield>
   </datafield>
   <datafield ind2=" " ind1=" " tag="520">
      <subfield code="a">Hypomethylating agent; Infection; Myelodysplastic syndrome</subfield>
   </datafield>
   <datafield ind2=" " ind1=" " tag="520">
      <subfield code="a">Agente hipometilante; Infección; Síndrome mielodisplásico</subfield>
   </datafield>
   <datafield ind2=" " ind1=" " tag="520">
      <subfield code="a">Agent hipometilant; Infecció; Síndrome mielodisplàstic</subfield>
   </datafield>
   <datafield ind2=" " ind1=" " tag="520">
      <subfield code="a">Background:&#xd;
The consequences of infectious toxicity of hypomethylating agents (HMAs) on overall survival (OS) of patients diagnosed with high-risk myeloid neoplasms have not been thoroughly investigated.&#xd;
Objectives:&#xd;
We aimed to evaluate whether infectious events (IEs) negatively influenced the results of HMA treatment in a real-world setting.&#xd;
Design:&#xd;
Observational study.&#xd;
Methods:&#xd;
We obtained data from 412 non-selected consecutive patients from 23 Spanish hospitals who were diagnosed with high-risk myelodysplastic syndrome, chronic myelomonocytic leukemia, or acute myeloid leukemia and were treated with HMA. HMAs received after chemotherapy or stem cell transplant were excluded. All IEs were recorded. Outcomes included OS, modifications to the pre-planned treatment, incidence and characteristics of IEs, hospitalization, red blood cell transfusions, and factors associated with infection.&#xd;
Results:&#xd;
The rate of infection was 1.2 per patient/year. Next-cycle delay (p = 0.001) and hospitalizations (p = 0.001) were significantly influenced by IEs. Transfusion requirements during each cycle were significantly higher after infection compared with cycles without infection (coefficient = 1.55 [95% confidence interval (CI) = 1.26–1.84], p &lt; 0.001). The median number of cycles was lower in patients experiencing any infection during the first four cycles (5 [3–8] versu 8 [5–16], p &lt; 0.001). In the multivariable analysis, factors associated with lower OS were having any infection during the first four cycles (hazard ratio (HR) = 1.43 [95% CI = 1.09–1.88], p = 0.01), bone marrow blasts ⩾30% (HR = 2.13 [95% CI = 1.14–3.96], p = 0.01), adverse cytogenetics (HR = 1.70 [95% CI = 1.30–2.24], p &lt; 0.001), and platelet count &lt;50 × 109/l (HR = 1.69 [95% CI = 1.3–2.2], p &lt; 0.001). BM blasts >20% (HR = 1.57 [95% CI = 1.19–2.01], p &lt; 0.001) and adverse cytogenetics (HR = 1.7 [95% CI = 1.35–2.14], p &lt; 0.001) were associated with infection, whereas hemoglobin >9 g/dl (HR = 0.65 [95% CI = 0.51–0.82], p &lt; 0.001) and higher platelet count (HR = 0.997 [95% CI = 0.996–0.998], p = 0.016) protected from it.&#xd;
Conclusion:&#xd;
HMA infectious toxicity worsens OS, hinders the adherence to antineoplastic treatment and results in significant morbidity. Preventive strategies are fundamental in vulnerable patients.</subfield>
   </datafield>
   <datafield ind1="8" ind2=" " tag="024">
      <subfield code="a">http://hdl.handle.net/11351/9594</subfield>
   </datafield>
   <datafield tag="653" ind2=" " ind1=" ">
      <subfield code="a">Leucèmia mieloide aguda - Tractament</subfield>
   </datafield>
   <datafield tag="653" ind2=" " ind1=" ">
      <subfield code="a">Medicaments antineoplàstics - Efectes secundaris</subfield>
   </datafield>
   <datafield tag="653" ind2=" " ind1=" ">
      <subfield code="a">Avaluació de resultats (Assistència sanitària)</subfield>
   </datafield>
   <datafield tag="653" ind2=" " ind1=" ">
      <subfield code="a">DISEASES::Neoplasms::Neoplasms by Histologic Type::Leukemia::Leukemia, Myeloid::Leukemia, Myeloid, Acute</subfield>
   </datafield>
   <datafield tag="653" ind2=" " ind1=" ">
      <subfield code="a">Other subheadings::Other subheadings::Other subheadings::/drug therapy</subfield>
   </datafield>
   <datafield tag="653" ind2=" " ind1=" ">
      <subfield code="a">CHEMICALS AND DRUGS::Chemical Actions and Uses::Pharmacologic Actions::Therapeutic Uses::Antineoplastic Agents</subfield>
   </datafield>
   <datafield tag="653" ind2=" " ind1=" ">
      <subfield code="a">Other subheadings::Other subheadings::Other subheadings::/adverse effects</subfield>
   </datafield>
   <datafield tag="653" ind2=" " ind1=" ">
      <subfield code="a">ANALYTICAL, DIAGNOSTIC AND THERAPEUTIC TECHNIQUES, AND EQUIPMENT::Diagnosis::Prognosis::Treatment Outcome</subfield>
   </datafield>
   <datafield tag="653" ind2=" " ind1=" ">
      <subfield code="a">ENFERMEDADES::neoplasias::neoplasias por tipo histológico::leucemia::leucemia mieloide::leucemia mieloide aguda</subfield>
   </datafield>
   <datafield tag="653" ind2=" " ind1=" ">
      <subfield code="a">Otros calificadores::Otros calificadores::Otros calificadores::/farmacoterapia</subfield>
   </datafield>
   <datafield tag="653" ind2=" " ind1=" ">
      <subfield code="a">COMPUESTOS QUÍMICOS Y DROGAS::acciones y usos químicos::acciones farmacológicas::usos terapéuticos::antineoplásicos</subfield>
   </datafield>
   <datafield tag="653" ind2=" " ind1=" ">
      <subfield code="a">Otros calificadores::Otros calificadores::Otros calificadores::/efectos adversos</subfield>
   </datafield>
   <datafield tag="653" ind2=" " ind1=" ">
      <subfield code="a">TÉCNICAS Y EQUIPOS ANALÍTICOS, DIAGNÓSTICOS Y TERAPÉUTICOS::diagnóstico::pronóstico::resultado del tratamiento</subfield>
   </datafield>
   <datafield ind2="0" ind1="0" tag="245">
      <subfield code="a">Relevance of infections on the outcomes of patients with myelodysplastic syndromes, chronic myelomonocytic leukemia, and acute myeloid leukemia treated with hypomethylating agents: a cohort study from the GESMD</subfield>
   </datafield>
</record></metadata></record></GetRecord></OAI-PMH>